| 000 | 01509nem a2200301 i 4500 | ||
|---|---|---|---|
| 001 | 91618 | ||
| 003 | ES-MaACL | ||
| 005 | 20250808063512.0 | ||
| 007 | t| | ||
| 008 | 050201s1855 sp b | |0|1||spa d | ||
| 080 | _a912(460.358) | ||
| 100 | 1 |
_aCoello, Francisco, _d1822-1898 _939459 |
|
| 245 | 1 | 0 |
_aAlmería [ _hMaterial cartográfico] / _cpor el Coronel, Comandante de Ingenieros D. Francisco Coello ; las notas estadísticas e históricas han sido escritas por D. Pascual Madoz. |
| 260 |
_aMadrid : _b[s.n.], _c1855. |
||
| 300 |
_a1 mapa ; _c84 x 111 cm, pleg. en 21 x 14 cm. |
||
| 500 | _aEscala: 1:200.000. | ||
| 500 | _aCortado en cuadrículas y forrado en tela. Otra presentación editorial doblado en papel y con cartera en la misma forma que éste. | ||
| 500 | _aEn el margen superior: Diccionario geográfico-estadístico-histórico ; Atlas de España y sus posesiones de Ultramar. | ||
| 505 | 8 | _aContiene: Noticias estadísticas e históricas, planos de las localidades más importantes y detalles de algunas zonas | |
| 651 | 4 |
_aAlmería (Provincia)- _vMapas- _yS.XIX. _97688 |
|
| 700 | 1 |
_aMadoz, Pascual, _d1806-1870 _975334 |
|
| 740 | 0 | _aAtlas de España y sus posesiones de Ultramar. | |
| 852 |
_aES-MaACL _jR-3226-66 _xOlim:G-6494-6537 _qMontado sobre tela y con estuche nuevo |
||
| 852 |
_aES-MaACL _jR-3268-76 _xOlim:F-5364-72 _qPlegado dentro de cartera editorial impresa |
||
| 866 | _uFaltan del R-3268 al R-3276 | ||
| 942 | _2udc | ||
| 999 |
_c91618 _d91618 |
||